<?xml version="1.0" encoding="UTF-8"?><marc:collection xmlns:marc="http://www.loc.gov/MARC21/slim">
  <marc:record>
    <marc:leader>00000nam  2200000za 4500</marc:leader>
    <marc:controlfield tag="001">9.816647</marc:controlfield>
    <marc:controlfield tag="003">CaOODSP</marc:controlfield>
    <marc:controlfield tag="005">20221107142309</marc:controlfield>
    <marc:controlfield tag="007">cr |||||||||||</marc:controlfield>
    <marc:controlfield tag="008">160502s1991    onc    |o    f10| 0 eng d</marc:controlfield>
    <marc:datafield tag="020" ind1=" " ind2=" ">
      <marc:subfield code="q">print : </marc:subfield>
      <marc:subfield code="z">0-660-56438-6</marc:subfield>
    </marc:datafield>
    <marc:datafield tag="040" ind1=" " ind2=" ">
      <marc:subfield code="a">CaOODSP</marc:subfield>
      <marc:subfield code="b">eng</marc:subfield>
    </marc:datafield>
    <marc:datafield tag="041" ind1=" " ind2=" ">
      <marc:subfield code="a">eng</marc:subfield>
      <marc:subfield code="a">fre</marc:subfield>
    </marc:datafield>
    <marc:datafield tag="043" ind1=" " ind2=" ">
      <marc:subfield code="a">n-cn---</marc:subfield>
    </marc:datafield>
    <marc:datafield tag="086" ind1="1" ind2=" ">
      <marc:subfield code="a">Fs41-31/113-PDF</marc:subfield>
      <marc:subfield code="z">Fs41-31/113</marc:subfield>
    </marc:datafield>
    <marc:datafield tag="245" ind1="0" ind2="3">
      <marc:subfield code="a">Le golfe du Saint-Laurent </marc:subfield>
      <marc:subfield code="h">[electronic resource] : </marc:subfield>
      <marc:subfield code="b">petit océan ou grand estuaire? : compte-rendus d'un atelier/symposium tenu à l'Institut Maurice-Lamontagne (Mont-Joli) du 14 au 17 mars 1989 = The Gulf of St. Lawrence : small ocean or big estuary? : Proceedings of a workshop/symposium help at the Maurice Lamontagne Institute, Mont-Joli, 14-17 March 1989 /  </marc:subfield>
      <marc:subfield code="c">edited by Jean-Claude Therriault.</marc:subfield>
    </marc:datafield>
    <marc:datafield tag="246" ind1="1" ind2="1">
      <marc:subfield code="a">Gulf of St. Lawrence : small ocean or big estuary? : Proceedings of a workshop/symposium help at the Maurice Lamontagne Institute, Mont-Joli, 14-17 March 1989</marc:subfield>
    </marc:datafield>
    <marc:datafield tag="260" ind1=" " ind2=" ">
      <marc:subfield code="a">Ottawa : </marc:subfield>
      <marc:subfield code="b">Department of Fisheries and Oceans, </marc:subfield>
      <marc:subfield code="c">1991.</marc:subfield>
    </marc:datafield>
    <marc:datafield tag="300" ind1=" " ind2=" ">
      <marc:subfield code="a">viii, 359 p.</marc:subfield>
      <marc:subfield code="b">maps, tables graphs.</marc:subfield>
    </marc:datafield>
    <marc:datafield tag="490" ind1="1" ind2=" ">
      <marc:subfield code="a">Canadian special publication of fisheries and aquatic sciences ; </marc:subfield>
      <marc:subfield code="v">113</marc:subfield>
    </marc:datafield>
    <marc:datafield tag="504" ind1=" " ind2=" ">
      <marc:subfield code="a">Includes bibliographic references.</marc:subfield>
    </marc:datafield>
    <marc:datafield tag="546" ind1=" " ind2=" ">
      <marc:subfield code="a">Text in English and French.</marc:subfield>
    </marc:datafield>
    <marc:datafield tag="692" ind1="0" ind2="7">
      <marc:subfield code="2">gccst</marc:subfield>
      <marc:subfield code="a">Watercourses</marc:subfield>
    </marc:datafield>
    <marc:datafield tag="700" ind1="1" ind2=" ">
      <marc:subfield code="a">Therriault, Jean-Claude, </marc:subfield>
      <marc:subfield code="e">ed.</marc:subfield>
    </marc:datafield>
    <marc:datafield tag="710" ind1="1" ind2=" ">
      <marc:subfield code="a">Canada. </marc:subfield>
      <marc:subfield code="b">Department of Fisheries and Oceans.</marc:subfield>
    </marc:datafield>
    <marc:datafield tag="776" ind1="0" ind2="#">
      <marc:subfield code="t">The Gulf of St. Lawrence: small ocean or big estuary? Proceedings of a workshop/symposium held at the Maurice Lamontagne Institute, Mont-Joli, Quebec, 14-17 March, 1989 / </marc:subfield>
      <marc:subfield code="w">(CaOODSP)9.518676</marc:subfield>
    </marc:datafield>
    <marc:datafield tag="792" ind1=" " ind2=" ">
      <marc:subfield code="t">Le golfe du Saint-Laurent </marc:subfield>
      <marc:subfield code="e">fre</marc:subfield>
      <marc:subfield code="w">(CaOODSP)9.816650</marc:subfield>
    </marc:datafield>
    <marc:datafield tag="830" ind1="#" ind2="0">
      <marc:subfield code="a">Canadian special publication of fisheries and aquatic sciences ;</marc:subfield>
      <marc:subfield code="v">113</marc:subfield>
      <marc:subfield code="w">(CaOODSP)9.816381</marc:subfield>
    </marc:datafield>
    <marc:datafield tag="856" ind1="4" ind2="0">
      <marc:subfield code="q">PDF</marc:subfield>
      <marc:subfield code="s">11.27 MB</marc:subfield>
      <marc:subfield code="u">https://publications.gc.ca/collections/collection_2016/mpo-dfo/Fs41-31-113.pdf</marc:subfield>
    </marc:datafield>
  </marc:record>
</marc:collection>
